Normal view
MARC view
Entry Personal Name
001 - CONTROL NUMBER
- control field: 751682
003 - CONTROL NUMBER IDENTIFIER
- control field: OSt
005 - DATE AND TIME OF LATEST TRANSACTION
- control field: 20250401143906.0
008 - FIXED-LENGTH DATA ELEMENTS
- fixed length control field: 250401|| aca||aabn | a|a d
040 ## - CATALOGING SOURCE
- Original cataloging agency: OSt
- Transcribing agency: OSt
100 ## - HEADING--PERSONAL NAME
- Personal name: Rundell, Ethan (Translator)
670 ## - SOURCE DATA FOUND
- Source citation: Work cat.: (OSt)1308339: Louer, Laurence 687638, Sunnis a political and history Shi'a of discord, 2017.
